Introduction to molecular biology (Record no. 394067)

MARC details
000 -LEADER
fixed length control field 00528 a2200205 4500
005 - DATE & TIME
control field 20260128102959.0
008 - FIXED-LENGTH DATA ELEMENTS--GENERAL INFORMATION
fixed length control field 260127b |||||||| |||| 00| 0 eng d
020 ## - ISBN
International Standard Book Number 9789360612269
Price Rs. 3395.00
040 ## - CATALOGING SOURCE
Original cataloging agency VIVEKANANDA LIBRARY
082 ## - DDC NUMBER
Classification number 574.88
Book Number A35I
100 ## - MAIN ENTRY--PERSONAL NAME
Personal name Ashe, Geoffrey
245 ## - TITLE STATEMENT
Title Introduction to molecular biology
260 ## - PUBLICATION, DISTRIBUTION, ETC. (IMPRINT)
Name of publisher, distributor, etc Pinakin Publishing
Date of publication, distribution, etc 2026
Place of publication, distribution, etc New Delhi
300 ## - PHYSICAL DESCRIPTION
Pages x, 286
650 ## - Subject
Subject Molecular Biology
650 ## - Subject
Subject Biology
650 ## - Subject
Subject Genetics
650 ## - Subject
Subject DNA Structure
942 ## - ADDED ENTRY ELEMENTS (KOHA)
Koha item type Books
Holdings
Withdrawn status Lost status Source of classification or shelving scheme Damaged status Not for loan Location (home branch) Sublocation or collection (holding branch) Shelving location Date acquired Koha issues (times borrowed) Koha full call number Accession No. Koha date last seen Koha item type
    Dewey Decimal Classification     VIVEKANANDA LIBRARY VIVEKANANDA LIBRARY Vivekananda Library 07/01/2026 1 574.88 A35I 443971 06/04/2026 Books
© Designed and Maintained by Vivekananda Library, MDU Rohtak